[Event "Arab-ch"]
[Site "Sharjah"]
[Date "2024.11.11"]
[Round "5"]
[White "Ghaith, Saeed Alnuaimi"]
[Black "Mahad, Dahir Muhumad"]
[Result "0-1"]
[WhiteElo "1912"]
[BlackElo "1776"]
[PlyCount "88"]
[EventDate "2024.11.07"]
[EventType "swiss"]
[EventRounds "9"]
[EventCountry "UAE"]
[SourceTitle "CB47_2024"]
[SourceDate "2024.11.20"]
[SourceVersion "1"]
[SourceVersionDate "2024.11.20"]
[SourceQuality "1"]

1. c4 e5 2. g3 Nf6 3. Bg2 Nc6 4. Nc3 g6 5. Nf3 Bg7 6. 0-0 0-0 7. d3 d6 8. Rb1 Rb8 9. Nd2 Ne7 10. b4 Be6 11. Nb3 Qd7 12. Re1 Rfd8 13. a4 b6 14. a5 d5 15. axb6 axb6 16. Nd2 c6 17. Bb2 Qc7 18. Qc2 b5 19. c5 Ra8 20. Ra1 Nf5 21. e3 Rxa1 22. Rxa1 d4 23. Nd1 dxe3 24. fxe3 Nd5 25. Bxd5 cxd5 26. Ra5 Qc6 27. Nf3 d4 28. e4 Nh6 29. Nf2 Ng4 30. Bc1 Nxf2 31. Kxf2 f5 32. Ng5 fxe4 33. Nxe4 Bd5 34. Bg5 Rf8+ 35. Ke1 h6 36. Be7 Rf3 37. Nd2 Re3+ 38. Kd1 Bc4 39. Kc1 Rxd3 40. Qd1 e4 41. Qg4 Rc3+ 42. Kd1 Bd5 43. Qf4 e3 44. Qd6 Bb3+ 0-1

[Event "Arab-ch Rapid"]
[Site "Sharjah"]
[Date "2024.11.10"]
[Round "6"]
[White "Al Jabri, Rashid"]
[Black "Mahad, Dahir Muhumad"]
[Result "1-0"]
[WhiteElo "1776"]
[BlackElo "1776"]
[PlyCount "74"]
[EventDate "2024.11.10"]
[EventType "swiss (rapid)"]
[EventRounds "7"]
[EventCountry "UAE"]
[SourceTitle "CB47_2024"]
[SourceDate "2024.11.20"]
[SourceVersion "1"]
[SourceVersionDate "2024.11.20"]
[SourceQuality "1"]

1. e4 e6 2. d4 d5 3. Nc3 Nf6 4. e5 Nfd7 5. f4 c5 6. Nce2 Nc6 7. Nf3 Qb6 8. c3 cxd4 9. Nexd4 Nxd4 10. Nxd4 Bc5 11. Be2 0-0 12. 0-0 f6 13. b4 Bxd4+ 14. Qxd4 fxe5 15. Qxb6 axb6 16. Bb5 e4 17. Be3 Ra3 18. Bd4 Nf6 19. Rfc1 Bd7 20. Be2 b5 21. Bd1 Bc6 22. Bb3 Nd7 23. Rf1 Ra6 24. Rae1 Nb6 25. g4 Nc4 26. Rf2 Raa8 27. f5 e5 28. Bc5 Rf7 29. Bxc4 bxc4 30. g5 Re8 31. h4 b5 32. h5 Ra8 33. Re3 Ra3 34. g6 hxg6 35. hxg6 Rf6 36. Rh3 Be8 37. Rfh2 Rxg6+ 1-0

[Event "Arab-ch Rapid"]
[Site "Sharjah"]
[Date "2024.11.10"]
[Round "7"]
[White "Mahad, Dahir Muhumad"]
[Black "Khayat, Emad"]
[Result "0-1"]
[WhiteElo "1776"]
[BlackElo "1905"]
[PlyCount "58"]
[EventDate "2024.11.10"]
[EventType "swiss (rapid)"]
[EventRounds "7"]
[EventCountry "UAE"]
[SourceTitle "CB47_2024"]
[SourceDate "2024.11.20"]
[SourceVersion "1"]
[SourceVersionDate "2024.11.20"]
[SourceQuality "1"]

1. e4 e5 2. Nf3 Nc6 3. Bb5 a6 4. Ba4 d6 5. d4 b5 6. Bb3 Nxd4 7. Nxd4 exd4 8. Qxd4 c5 9. Qd5 Be6 10. Qc6+ Bd7 11. Qd5 c4 12. Bxc4 bxc4 13. Qxc4 Nf6 14. a4 Be7 15. 0-0 0-0 16. Nc3 Be6 17. Qe2 Qc7 18. h3 Bc4 19. Qe1 Rab8 20. f4 Bxf1 21. Qxf1 Rfe8 22. Qf3 Qc6 23. Be3 Bf8 24. Bd4 Nxe4 25. Re1 d5 26. Be5 Rbd8 27. Kh2 Nxc3 28. bxc3 f6 29. Bd4 Re3 0-1

[Event "Africa-ch Amateurs U2300"]
[Site "Bujumbura"]
[Date "2024.07.25"]
[Round "6"]
[White "Oluka, Robert Mcligeyo"]
[Black "Mahad, Dahir Muhumad"]
[Result "1-0"]
[WhiteElo "2013"]
[BlackElo "1800"]
[PlyCount "51"]
[EventDate "2024.07.23"]
[EventType "swiss"]
[EventRounds "9"]
[EventCountry "BRI"]
[SourceTitle "EXT 2025"]
[Source "ChessBase"]
[SourceDate "2024.10.14"]
[SourceVersion "1"]
[SourceVersionDate "2024.10.14"]
[SourceQuality "1"]

1. e4 e6 2. d4 d5 3. Nd2 Nf6 4. e5 Nfd7 5. Bd3 c5 6. c3 Nc6 7. Ne2 cxd4 8. cxd4 Nb4 9. Bb1 b6 10. a3 Nc6 11. Bd3 Be7 12. 0-0 0-0 13. f4 g6 14. Nf3 h6 15. f5 exf5 16. Bxh6 Re8 17. Rc1 Bb7 18. Qd2 Nf8 19. g4 f4 20. Bxf8 Rxf8 21. Qxf4 Kg7 22. Ng3 Rc8 23. Kh1 Rc7 24. Nf5+ gxf5 25. gxf5 f6 26. Qg4+ 1-0

[Event "Africa zt 4.4 op"]
[Site "Antananarivo"]
[Date "2024.01.12"]
[Round "2"]
[White "Mahad, Dahir Muhumad"]
[Black "Omar Aden, Omar"]
[Result "1-0"]
[WhiteElo "1719"]
[BlackElo "1552"]
[PlyCount "52"]
[EventDate "2024.01.11"]
[EventType "swiss"]
[EventRounds "9"]
[EventCountry "MAD"]
[SourceTitle "CBM 218 Extra"]
[Source "ChessBase"]
[SourceDate "2024.03.31"]
[SourceVersion "1"]
[SourceVersionDate "2024.03.31"]
[SourceQuality "1"]

1. d4 d5 2. c4 e6 3. Nc3 a6 4. a4 Nf6 5. Nf3 Nbd7 6. Bg5 c6 7. e3 Be7 8. cxd5 exd5 9. Bd3 0-0 10. 0-0 Re8 11. Qc2 Nf8 12. h3 Be6 13. Ne2 Rc8 14. Qb3 Ne4 15. Bf4 b5 16. axb5 axb5 17. Rfc1 Ng6 18. Ra6 Nxf4 19. Nxf4 Bd7 20. Ne5 Bf6 21. Nxc6 Rxc6 22. Rcxc6 Bxc6 23. Rxc6 Qa8 24. Rc1 Bh4 25. g3 Qd8 26. Qxd5 Qxd5 1-0

[Event "Riadh Rapid op"]
[Site "Riadh"]
[Date "2023.03.17"]
[Round "1"]
[White "Al Qudaimi, Basheer"]
[Black "Mahad, Dahir Muhumad"]
[Result "1-0"]
[WhiteElo "2401"]
[BlackElo "1719"]
[PlyCount "80"]
[EventDate "2023.03.17"]
[EventType "swiss (rapid)"]
[EventRounds "9"]
[EventCountry "SAU"]
[SourceTitle "CBM 213 Extra"]
[Source "ChessBase"]
[SourceDate "2023.05.31"]
[SourceVersion "1"]
[SourceVersionDate "2023.05.31"]
[SourceQuality "1"]

1. Nf3 Nc6 2. d4 d5 3. c4 e6 4. Nc3 Nf6 5. Bg5 Be7 6. e3 a6 7. Rc1 dxc4 8. Bxc4 Nd5 9. Bxe7 Ncxe7 10. Bb3 c6 11. Ne4 h6 12. Ne5 0-0 13. 0-0 f6 14. Nd3 f5 15. Nec5 Ng6 16. Qd2 Qg5 17. f4 Qe7 18. Rf3 Kh7 19. Rg3 Rf6 20. Ne1 Rb8 21. Ncd3 Bd7 22. Nf3 Nb6 23. Qe2 Nc8 24. Nde5 Be8 25. Bc2 Nd6 26. Bd3 Rc8 27. Qe1 Nb5 28. Bxb5 axb5 29. a3 Rd8 30. Qa5 Rc8 31. Nd3 Qc7 32. Qb4 Ne7 33. Nfe5 Nd5 34. Qb3 Qd6 35. h3 b6 36. Qc2 Ne7 37. Rf3 Kg8 38. g4 fxg4 39. hxg4 Bg6 40. Rg3 Be4 1-0